Faces on TIME (1940s) Quiz Stats

Quiz Updated Sep 23, 2012

Challenge
Share
Tweet
Score 0/40 Timer 10:00
11 Plays Today
Famous Face % Correct
Albert Einstein
98.1%
Adolf Hitler
98.1%
Mohandas Gandhi
90.8%
Joseph Stalin
88.4%
Dwight D. Eisenhower
82.8%
Franklin D. Roosevelt
73.2%
Joe DiMaggio
70.1%
Harry S. Truman
68.7%
Jackie Robinson
66.9%
George S. Patton
64.1%
Louis Armstrong
64%
Princess Elizabeth
59.5%
Elizabeth Taylor
58.2%
Bob Hope
55.8%
Karl Marx
52.4%
Douglas MacArthur
48.7%
Benito Mussolini
46.8%
Joe Louis
43.5%
Mickey Rooney
40.2%
Bing Crosby
38.8%
Famous Face % Correct
Edgar Bergen
36%
Jimmy Durante
32.7%
Stan Musial
31.9%
Gregory Peck
31.8%
Howard Hughes
30%
J. Edgar Hoover
28.7%
Rita Hayworth
27.8%
Gary Cooper
24.9%
Princess Margaret
23.2%
Chuck Yeager
20.1%
Omar Bradley
18.6%
Milton Berle
18.1%
Betty Grable
17.9%
Hubert Humphrey
16.9%
Laurence Olivier
16.7%
Ben Hogan
16.2%
Eva Peron
15.9%
Ethel Merman
12.9%
Marlin Perkins
9.2%
Cole Porter
6.4%

You're not logged in!

Compare scores with friends on all Sporcle quizzes.
Join for Free
OR
Log In

You Might Also Like...

Show Comments

Extras

Top Quizzes Today


Score Distribution

Your Account Isn't Verified!

In order to create a playlist on Sporcle, you need to verify the email address you used during registration. Go to your Sporcle Settings to finish the process.

Report this User

Report this user for behavior that violates our Community Guidelines.

Details: